SOUČASNÝ STAV A PERSPEKTIVA MIKROVLNNÝCH POLOVODIČOVÝCH SOUČÁSTEK NA BÁZI AIII BV

Bibliographic Details
Main Author: Rothbauer, M. (Author)
Format: Article
Language:Czech

MARC

LEADER 00000nab a2200000uu 4500
001 vtls011482393
003 SK-MaSNL
005 20260304003111.0
008 230218|1980 xo |||||||||||||||||cze|
015 |a SNBRB 
035 |a (urnnbn)urn:nbn:sk:snk:ar-006tpj 
035 |a (uuid)29a3fa42-7600-4e1e-9992-24f417c237cb 
035 |a urn:nbn:sk:snk-abd9hc 
040 |a SNKBUCL  |b slo  |c SNKBUCL  |e AACR2 
041 0 |a cze 
044 |a xo  |c SK 
100 1 |a Rothbauer, M.  |4 aut  |9 952973 
245 1 0 |a SOUČASNÝ STAV A PERSPEKTIVA MIKROVLNNÝCH POLOVODIČOVÝCH SOUČÁSTEK NA BÁZI AIII BV  |c M. Rothbauer A Kol. 
773 0 |t Elektrotechnický časopis : časopis Elektrotechnického ústavu CEFV SAV Bratislava  |g Roč. 31, č. 5 (1980), s. 400-411 
954 |a odborná, vedecká literatúra cudzojazyčná (svetová)  |2 lita 
958 |a OND 
958 |a EUIPO 
958 |a article18 
999 |c 2545374  |d 2547304